000 00539nam a2200169Ia 4500
008 090201s9999 xx 000 0 und d
010 _aKPL-48757
040 _bमराठी
041 _aमराठी
082 _a12300
_b48757
100 _aप्रभाकर दिघे
245 _aसुडाची परंपरा
_cप्रभाकर दिघे
260 _c2004
_bविनी प्रकाशन
300 _a175
_bमोठा
600 _aसुडाची परंपरा
942 _cBOOK
999 _c212663
_d212663